Vzdělávaní na způsob „Baťa"

Pre Tomáša Baťu bolo vzdelávanie investíciou, svojich spolupracovníkov nútil do neustáleho sebavzdelávania. Vedel, že čím bude lepší spolupracovník, tím bude lepší jeho nadriadený a tým pádom aj celá firma. V roku 1925 založil Školu pro mladé muže, kde výlučne učili učitelia s praxou. O štyri roky n...

Descrizione completa

Salvato in:
Dettagli Bibliografici
Autore principale: Janků, Šárka
Natura: Capitolo di libro
Lingua:ceco
Soggetti:
Tags: Aggiungi Tag
Nessun Tag, puoi essere il primo ad aggiungerne!!

MARC

LEADER 00000naa a2200000 4500
001 0240066
005 20180514103248.9
041 0 |a cze 
044 |a SK 
245 1 0 |a Vzdělávaní na způsob „Baťa"  |c Šárka Janků 
520 |a Pre Tomáša Baťu bolo vzdelávanie investíciou, svojich spolupracovníkov nútil do neustáleho sebavzdelávania. Vedel, že čím bude lepší spolupracovník, tím bude lepší jeho nadriadený a tým pádom aj celá firma. V roku 1925 založil Školu pro mladé muže, kde výlučne učili učitelia s praxou. O štyri roky neskôr sa založila aj Škola pro mladé ženy. Mladí ľudia získali prostredníctvom štúdia sabedôveru, sebavedomie a samostatnosť. Odbornosť, finanančná gramotnosť a pracovitosť bola samozrejmosťou. 
610 2 0 |a batizmus 
610 2 0 |a osobnosť 
610 2 0 |a priemysel obuvnícky 
610 2 0 |a podnikatelia 
610 2 0 |a vzdelávanie 
100 1 |a Janků, Šárka